25 Years of NBC Shows Quiz Stats

 Plays Quiz Updated Jan 4, 2021

Support Sporcle.
Go Orange.
Score 0/25 Timer 07:00
0 Plays Today
% Correct
The Voice
94.2%
The Office
93.5%
Scrubs
92.3%
30 Rock
88.8%
The Village
81.5%
Joey
79%
3rd Rock from the Sun
77.5%
Chicago Fire
72.8%
Law & Order: Special Victims Unit
72.3%
The Blacklist
67.5%
Community
67.5%
Will & Grace
59.5%
Superstore
56.9%
% Correct
This Is Us
55.4%
Just Shoot Me!
52.5%
Parenthood
48.7%
Chuck
46.6%
Las Vegas
40.8%
Ed
33.1%
Chicago P.D.
31.3%
A.P. Bio
25.2%
Zoey's Extraordinary Playlist
24.2%
Trial & Error
18.4%
Lipstick Jungle
16.9%
American Dreams
9.5%

You're not logged in!

Compare scores with friends on all Sporcle quizzes.
OR
Log In

From the Vault

$500 Million Movies

by Hejman

Inflation is definitely giving this quiz a bit of a recency bias.
Remove Ads.
Support Sporcle.
Get the best of Sporcle when you Go Orange. This ad-free experience offers more features, more stats, and more fun while also helping to support Sporcle. Thank you for becoming a member.

Show Comments

Extras

Top Quizzes Today


Score Distribution

Your Account Isn't Verified!

In order to create a playlist on Sporcle, you need to verify the email address you used during registration. Go to your Sporcle Settings to finish the process.

Report this User

Report this user for behavior that violates our Community Guidelines.

Details: